<?xml version="1.0" encoding="UTF-8"?><?xml-stylesheet type="text/xsl" href="static/style.xsl"?><OAI-PMH xmlns="http://www.openarchives.org/OAI/2.0/" xmlns:xsi="http://www.w3.org/2001/XMLSchema-instance" xsi:schemaLocation="http://www.openarchives.org/OAI/2.0/ http://www.openarchives.org/OAI/2.0/OAI-PMH.xsd"><responseDate>2026-04-14T08:07:54Z</responseDate><request verb="GetRecord" identifier="oai:www.recercat.cat:2072/289490" metadataPrefix="marc">https://recercat.cat/oai/request</request><GetRecord><record><header><identifier>oai:recercat.cat:2072/289490</identifier><datestamp>2025-03-18T15:33:07Z</datestamp><setSpec>com_2072_220028</setSpec><setSpec>com_2072_4427</setSpec><setSpec>col_2072_479371</setSpec></header><metadata><record xmlns="http://www.loc.gov/MARC21/slim" xmlns:dcterms="http://purl.org/dc/terms/" xmlns:xsi="http://www.w3.org/2001/XMLSchema-instance" xmlns:doc="http://www.lyncode.com/xoai" xsi:schemaLocation="http://www.loc.gov/MARC21/slim http://www.loc.gov/standards/marcxml/schema/MARC21slim.xsd">
   <leader>00925njm 22002777a 4500</leader>
   <datafield ind2=" " ind1=" " tag="042">
      <subfield code="a">dc</subfield>
   </datafield>
   <datafield ind2=" " ind1=" " tag="720">
      <subfield code="a">Perich i Roca, Arnau</subfield>
      <subfield code="e">author</subfield>
   </datafield>
   <datafield ind2=" " ind1=" " tag="260">
      <subfield code="c">2015</subfield>
   </datafield>
   <datafield ind2=" " ind1=" " tag="520">
      <subfield code="a">Este trabajo se centra en la ciudad de Barcino (Barcelona) durante la Antigüedad Tardía, entre los siglos IV y VI d. C. Su objetivo es hacer una síntesis actualizada de los procesos de transformación que vive la ciudad en este marco temporal, así como
ofrecer un nuevo aparato gráfico con el fin de ayudar en la comprensión de estas dinámicas. A nivel metodológico, se ha recopilado y analizado la documentación más reciente y se ha tratado digitalmente la información gráfica en una propuesta de
conjunto. Los resultados que se extraen son los de una ciudad que, progresivamente, irá aumentando su poder político y económico en el nordeste de la provincia Tarraconensis según avancemos en el período tardoantiguo. Por lo tanto, lejos de
decaer, es una ciudad poderosa en la Antigüedad Tardía, hasta llegar, en ciertos aspectos, a pasar por delante de Tarraco, la capital histórica de la provincia.</subfield>
   </datafield>
   <datafield ind2=" " ind1=" " tag="520">
      <subfield code="a">This paper is focused in late antique Barcino (Barcelona), between 4th to 6th centuries AD. Its aim is to update and summarize our knowledge about the city’s transformation processes in this temporal frame, as well as to offer a new graphical set in order to help to understand these dynamics. As concerns the method used, we have compiled and analyzed the latest information we have and digitally processed the graphical information in an overall approach. The acquired results concern a city that will gradually increase its political and economical power in the northeastern region of the Tarraconensis province as we go forward the late antique period. Accordingly, far from decay, it is a powerful city during Late Antiquity and, in some aspects, it will surpass Tarraco, the historical capital of the province.</subfield>
   </datafield>
   <datafield ind1="8" ind2=" " tag="024">
      <subfield code="a">Perich, A. (2015) "Barcino entre los siglos IV y VI d. C. Transformaciones y ascenso de una ciudad mediterránea durante la Antiguedad Tardía", Espacio, Tiempo y Forma. Serie I: Prehistoria y Arqueología, p. 61-96.</subfield>
   </datafield>
   <datafield ind1="8" ind2=" " tag="024">
      <subfield code="a">http://hdl.handle.net/2072/289490</subfield>
   </datafield>
   <datafield ind1="8" ind2=" " tag="024">
      <subfield code="a">https://doi.org/10.5944/etfi.7.2014.10805</subfield>
   </datafield>
   <datafield ind2="0" ind1="0" tag="245">
      <subfield code="a">Barcino entre los siglos IV y VI d. C. Transformaciones y ascenso de una ciudad mediterránea durante la Antiguedad Tardía</subfield>
   </datafield>
</record></metadata></record></GetRecord></OAI-PMH>